CS2 Anubis Callouts - Statistics

General Stats
  • This quiz has been taken 37 times
  • The average score is 12 of 27
Answer Stats
Picture Answer % Correct
CT Spawn
92%
Water
89%
A Site
83%
B Site
81%
T-Spawn
81%
A Con
75%
Heaven
72%
Pillar
69%
A Main
64%
Camera
58%
Palace
53%
Double Door
42%
Beach
36%
Stairs
36%
Ninja
33%
Connector
31%
Jail
31%
Window
31%
Cave
28%
Upper
28%
Fountain
22%
Top Mid
19%
Boat
14%
Tunnel
8%
Plateau
6%
Plateau
6%
Ivy
3%
No matching quizzes found
Score Distribution
Percent of People with Each Score
Percentile by Number Answered
Your Score History
You have not taken this quiz